| 000 | 00500nam a22001697a 4500 | ||
|---|---|---|---|
| 003 | BD-DhUL | ||
| 005 | 20190709154021.0 | ||
| 008 | 190708s1924 ii ||||| |||| 00| 0 urd d | ||
| 040 |
_aBD-DhUL _cBD-DhUL |
||
| 082 |
_a891.431 _bILJ |
||
| 100 | 0 | _aالیاس برنی | |
| 245 | 1 | 0 |
_aجذبات فطرت : _cالیاس برنی _bجلد ۴ / |
| 260 |
_aعلی گڑہ : _bمطبع انسٹی ٹوت، _c۔۱۹۲۴ |
||
| 300 |
_aجلد ۴ ؛ _c۱۸ سم۔ |
||
| 650 | 4 | _aUrdu poetry | |
| 942 |
_2ddc _cBK |
||
| 999 |
_c248687 _d248687 |
||